Central Library OPAC University of Rajshahi

Teach yourself advertising and publicity / (Record no. 17329)

MARC details
000 -LEADER
fixed length control field 00763nam a22002771 4500
001 - CONTROL NUMBER
control field 17329
003 - CONTROL NUMBER IDENTIFIER
rucl marc code BD-RjUL
005 - DATE AND TIME OF LATEST TRANSACTION
control field 20211209000125.0
008 - FIXED-LENGTH DATA ELEMENTS--GENERAL INFORMATION
fixed length control field 140216s1958 enka 000 0 eng
035 ## - SYSTEM CONTROL NUMBER
System control number (BD-RjUL)17387
System control number (OCoLC)4696173
040 ## - CATALOGING SOURCE
Original cataloging agency DLC
Transcribing agency OCl
Modifying agency BD-RjUL
Language of cataloging eng
041 ## - LANGUAGE CODE
Language code of text/sound track or separate title eng
082 ## - DEWEY DECIMAL CLASSIFICATION NUMBER
Classification number 659.1
Author mark and year CHT 1958
100 1# - MAIN ENTRY--PERSONAL NAME
Personal name Chandor, Peter.
9 (RLIN) 49572
245 10 - TITLE STATEMENT
Title Teach yourself advertising and publicity /
Statement of responsibility, etc. Peter Chandor
250 ## - EDITION STATEMENT
Edition statement New & rev. ed.
260 ## - PUBLICATION, DISTRIBUTION, ETC. (IMPRINT)
Place of publication, distribution, etc. London :
Name of publisher, distributor, etc. English Universities Press,
Date of publication, distribution, etc. 1958.
300 ## - PHYSICAL DESCRIPTION
Pagination 190 p. :
Illustrations illus. ;
Size 18 cm.
490 0# - SERIES STATEMENT
Series statement Teach yourself books
650 #0 - SUBJECT ADDED ENTRY--TOPICAL TERM
Topical term or geographic name as entry element Advertising.
9 (RLIN) 53406
Topical term or geographic name as entry element Publicity.
9 (RLIN) 16346
942 ## - ADDED ENTRY ELEMENTS (KOHA)
Source of classification or shelving scheme Dewey Decimal Classification
Koha item type Books
Holdings
Lost status Source of classification or shelving scheme Damaged status Not for loan Collection code Permanent Location Current Location Shelving location Date acquired Source of acquisition Cost, normal purchase price Total Checkouts Full call number Date last seen Copy number Koha item type
  Dewey Decimal Classification     Non-fiction Central Library, University of Rajshahi Central Library, University of Rajshahi   17/05/2067 University Book Age. 3.37   659.1 CHT 1958 16/02/2014 C-2 Books